000 00792nam a2200133Ia 4500
008 160809s9999 xx 000 0 und d
100 _aMiething, Alexander.
245 _aFriendship networks and psychological well-being from late adolescence to young adulthood: a gender-specific structural equation modeling approach
245 _cAlexander Miething, Ylva B. Almquist, Viveca Östberg, Mikael Rostila, Christofer Edling and Jens Rydgren.
260 _bBMC Psychology
260 _c22 July 2016
650 _xPSYCHOLOGY
856 _uhttp://download.springer.com/static/pdf/519/art%253A10.1186%252Fs40359-016-0143-2.pdf?originUrl=http%3A%2F%2Fbmcpsychology.biomedcentral.com%2Farticle%2F10.1186%2Fs40359-016-0143-2&token2=exp=1469410258~acl=%2Fstatic%2Fpdf%2F519%2Fart%25253A10.1186%25252F
999 _c300192
_d300192